| 000 | 00771nam a2200229 u 4500 | ||
|---|---|---|---|
| 005 | 20240910064015.0 | ||
| 008 | 130815s2008 es r 000 0 spa d | ||
| 020 | _a9788497990592 | ||
| 035 | _aUPN01000192275 | ||
| 049 | _aCG | ||
| 050 | 4 |
_aHQ796 _bC3.3 |
|
| 100 | 1 |
_aCarr-Gregg, Michael _934151 |
|
| 245 | 1 | 0 |
_aCómo sobrevivir a la adolescencia de sus hijos : _bel manual imprescindible para todos los padres / _cMichael Carr-Gregg ; il. de Ron Tandberg ; tr. Montserrat Solé. |
| 260 |
_aBarcelona, Esp. : _bMedici, _c2008. |
||
| 300 |
_a175 p. : _bil. |
||
| 534 |
_pTítulo original: _tSurviving adolescents |
||
| 650 | 4 |
_aAdolescencia _91008 |
|
| 650 | 4 |
_aPsicología del adolescente _91013 |
|
| 650 | 2 |
_aPubertad _914834 |
|
| 905 | _aLibro | ||
| 999 |
_c164378 _d164378 |
||